000 00666pam a2200205 4500
001 349
005 20181127161341.0
008 880630s1989 nyua b 001 0 eng
020 _a0070441278
020 _a0070441286 (pbk.)
043 _an-us---
100 1 _aMusgrave, Richard A.
_q(Richard Abel),
_d1910-2007.
245 1 0 _aPublic finance in theory and practice /
_cRichard A. Musgrave, Peggy B. Musgrave.
250 _a5th ed.
260 _aNew Delhi :
_bTata McGraw-Hill,
_c2004.
300 _axvi, 627 p. :
_bill. ;
_c25 cm.
504 _aIncludes bibliographical references and index.
650 0 _aFinance, Public
_zUnited States.
700 1 _aMusgrave, Peggy B.
999 _c307
_d307